Las páginas de la infancia, o sea El libro de los deberes de los niños / (Record no. 166170)

MARC details
000 -LEADER
campo de control de longitud fija 00924nam a2200217 i 4500
001 - NÚMERO DE CONTROL
campo de control 166170
003 - IDENTIFICADOR DE NÚMERO DE CONTROL
campo de control ES-MaACL
005 - FECHA Y HORA DE LA ÚLTIMA TRANSACCIÓN
campo de control 20230906213258.0
008 - DATOS DE LONGITUD FIJA--INFORMACIÓN GENERAL
campo de control de longitud fija 050908s1846 sp |||| | spa d
100 1# - ENTRADA PRINCIPAL--NOMBRE DE PERSONA
Nombre de persona Terradillos, Ángel María.
9 (RLIN) 133185
245 14 - MENCIÓN DEL TÍTULO
Título Las páginas de la infancia, o sea El libro de los deberes de los niños /
Mención de responsabilidad, etc. por Ángel María Terradillos.
250 ## - MENCION DE EDICION
Mención de edición 3ª ed. mejorada, corr. y aum.
260 ## - PUBLICACIÓN, DISTRIBUCIÓN, ETC.
Lugar de publicación, distribución, etc. Madrid :
Nombre del editor, distribuidor, etc. [s.n.],
Fecha de publicación, distribución, etc. 1846 (
Fabricante Imp. de la Viuda de Jordán e Hijos)
300 ## - DESCRIPCIÓN FÍSICA
Extensión 127, [1] p. ;
Dimensiones 15 cm.
490 1# - MENCIÓN DE SERIE
Mención de serie Colección selecta de prontuarios elementales ;
Designación de volumen o secuencia 3
650 #4 - PUNTO DE ACCESO ADICIONAL DE MATERIA--TÉRMINO DE MATERIA
Término de materia o nombre geográfico como elemento de entrada Enseñanza primaria-
Subdivisión de forma Libros escolares.
9 (RLIN) 12307
740 32 - ENTRADA AGREGADA--TÍTULO RELACIONADO/ANALÍTICO NO CONTROLADO
Título relacionado o analítico no controlado El libro de los deberes de los niños.
830 1# - PUNTO DE ACCESO ADICIONAL DE SERIE-TÍTULO UNIFORME
Título uniforme Colección selecta de prontuarios elementales ;
Designación de volumen o secuencia 3
9 (RLIN) 188602
852 4# - LOCALIZACIÓN
Ubicación ES-MaACL
Número de control de estantería T-27-F-2
Nota libre - Enc. hol., falto de cub. original
-- - Enc. en un vol. facticio
Holdings
Estatus retirado Estado de pérdida Estado de daño No para préstamo Colección Biblioteca de origen Biblioteca actual Ubicación en estantería Fecha de adquisición Total de préstamos Signatura topográfica completa Código de barras Visto por última vez Precio de reemplazo Tipo de ítem Koha
        Colección de folletos Biblioteca del Ateneo de Madrid Biblioteca del Ateneo de Madrid Depósito folletos 17/01/2008   T-27-F-2 1174269 23/02/2023 23/02/2023 Folleto